| 000 | 01018cab a2200241 4500 | ||
|---|---|---|---|
| 001 | WB3415-06 | ||
| 008 | 090401t1998 xxu||||| |||| 00| 0 eng d | ||
| 035 | _a(Sirsi) u85598 | ||
| 041 | _aeng | ||
| 245 | _aSpecialists told to wait | ||
| 260 | _c1998 | ||
| 350 | _a0 | ||
| 490 |
_aBuilding _v263(15) 9 April 1998, 12(1) |
||
| 520 | _aSubcontractors are being advised not to sign new contracts until after the Construction Act comes into force on 1 May. Subcontractors that sign before the Act comes into force will not be protected against late payment and will not have a right to adjudication. | ||
| 650 | _aMANAGEMENT-DISPUTE AVOIDANCE, MANAGEMENT AND RESOLUTION-DISPUTE MANAGEMENT AND RESOLUTION-ALTERNATIVE DISPUTE RESOLUTION-ADJUDICATION | ||
| 650 | _aHOUSING GRANTS, CONSTRUCTION AND REGENERATION ACT 1996 | ||
| 650 | _aCONSTRUCTION SPECIALISTS | ||
| 650 | _aLATE PAYMENT | ||
| 650 | _aSUBCONTRACTORS | ||
| 690 | _aBUILT ENVIRONMENT-BUILDING CONTRACT FORMS | ||
| 942 | _n0 | ||
| 948 | _c15/04/1998 | ||
| 999 |
_c53825 _d53825 |
||